Organizational Behaviour : (Record no. 148175)
[ view plain ]
| 000 -LEADER | |
|---|---|
| fixed length control field | 00610nam a22001937a 4500 |
| 005 - DATE AND TIME OF LATEST TRANSACTION | |
| control field | 20171221160801.0 |
| 010 ## - LCCN (DPL NO) | |
| LC control number | ENG-121947 |
| 020 ## - INTERNATIONAL STANDARD BOOK NUMBER | |
| International Standard Book Number | 9789383982479 |
| Terms of availability | 1000.00 |
| 035 ## - SYSTEM CONTROL NUMBER | |
| System control number | EN-105479 |
| 037 ## - SOURCE OF ACQUISITION | |
| Source of stock number/acquisition | DBAD/PUB |
| 082 ## - DEWEY DECIMAL CLASSIFICATION NUMBER | |
| Classification number | 658.1 |
| 100 ## - MAIN ENTRY--PERSONAL NAME | |
| Personal name | Rowley , Robin |
| 245 ## - TITLE STATEMENT | |
| Title | Organizational Behaviour : |
| Remainder of title | Organize with chaos / |
| Statement of responsibility, etc | by Robin Rowley [and] Joseph Roevens |
| 260 ## - PUBLICATION, DISTRIBUTION, ETC. (IMPRINT) | |
| Place of publication, distribution, etc | Delhi |
| Name of publisher, distributor, etc | Diamond Creation |
| Date of publication, distribution, etc | 2017 |
| 270 ## - ADDRESS | |
| Address | 21 north, Basti harphool singh Sadar Thana Road, |
| City | Delhi |
| Postal code | 110006 |
| 300 ## - PHYSICAL DESCRIPTION | |
| Extent | 236p. |
| Dimensions | 22cm(Hb) |
| 700 ## - ADDED ENTRY--PERSONAL NAME | |
| Personal name | Roevens , Joseph |
| 942 ## - ADDED ENTRY ELEMENTS (KOHA) | |
| Source of classification or shelving scheme | Dewey Decimal Classification |
| Item type | English Books |
| Classification part | 658.1 |
| Call number suffix | ROW |
| Withdrawn status | Lost status | Not for loan | Collection code | Home library | Current library | Date acquired | Source of acquisition | Cost, normal purchase price | Full call number | Barcode | Copy number | Cost, replacement price | Koha item type |
|---|---|---|---|---|---|---|---|---|---|---|---|---|---|
| Not For Loan | Fiction | D.B.Act.Division | Bawana | 21/12/2017 | DBAD/PUB | 1000.00 | 658.1 ROW | EN-105479 | 1 | 1000.00 | English Books |
